• 首页
  • 本馆介绍
  • 公告通知
  • 最新文献
  • 馆藏检索
  • 电子资源
  • 读者导购
  • 参考咨询
  • 我的图书馆
  • 登录
  • 详细信息显示
  • 放入我的书架
  • 预约/预借图书
  • 作者相关作品
  • 分类相关作品
  • 丛书相关作品
  • 出版社相关作品

书目信息

  • 表格格式
  • 工作单格式
  • 卡片格式
题名:
中国革命史
    
 
作者: ;《中国革命史》编写组 编
分册:  
出版信息: 北京   社会科学文献出版社  1987.7
页数: 443页
开本: 20cm
丛书名:
单 册:
中图分类: K2
科图分类:
主题词: 中国--历史
电子资源:
ISBN:
000 00548nam0 2200193 45
001 0312221749
005 20040512095734.8
010    @dCNY2.95
100    @a20031222d1987 km y0chiy0120 ea
101    @achi
105    @a z 000yy
200 1  @a中国革命史@AZhong Guo Ge Ming Shi@f《中国革命史》编写组编@F《Zhong Guo Ge Ming Shi》Bian Xie Zu Bian
210    @a北京@c社会科学文献出版社@d1987.7
215    @a443页@d20cm
606 0  @a中国@x历史
690    @aK2@v3
711 02 @a《中国革命史》编写组@4编
801    @aCN@bTSTCL@c20031222
905    @dK2@e32
    
    中国革命史/《中国革命史》编写组编.-北京:社会科学文献出版社,1987.7
    443页;20cm
    
    
    ISBN :CNY2.95
    
●
相关链接 在E读中查询图书 在五车中查询图书 在当当中查询图书 在豆瓣中查询图书


正题名:中国革命史     索取号:K2/32         预约/预借

序号 登录号 条形码 馆藏地/架位号 状态 备注
1 0209740   001235808   密集书库/ [索取号:K2/32] 在馆    
2 0209742   202114158   第二样本阅览室/ [索取号:K2/32] 在馆    
唐山师范学院图书馆 欢迎您!
大连网信软件有限公司© 版权所有